| 000 | 00000nam##2200000za#4500 |
| 001 | 9.571478 |
| 003 | CaOODSP |
| 005 | 20210624182737 |
| 007 | cr ||||||||||| |
| 008 | 150406|1994||||xxc|||||o f|0| 0 eng|d |
| 040 | |aCaOODSP|beng |
| 043 | |an-cn--- |
| 086 | 1 |aJS5-1/10-1994E-PDF |
| 110 | 1 |aCanada.|bSolicitor General Canada. |bCorrections Branch. |
| 245 | 10|aUnderstanding the role of healing in Aboriginal communities / |h[electronic resource]|cby Marcia B. Krawll. |
| 260 | |bSolicitor General Canada. |cJuly 1994. |
| 300 | |a91p. |
| 490 | 1 |aAboriginal peoples collection|vAPC 10 CA (1994) |
| 590 | |a11-26-Supp|b2011-11-03 |
| 720 | 1 |aKrawll, Marcia B. |
| 775 | 08|tComprendre le rôle de la guérison dans les collectivités autochtones / |w(CaOODSP)9.602454 |
| 830 | #0|aAboriginal peoples collection ;|vAPC 10 CA (1994)|w(CaOODSP)9.505592 |
| 856 | 40|ahttp://publications.gc.ca|qPDF|s1.01 MB|uhttps://publications.gc.ca/collections/collection_2011/sp-ps/JS5-1-10-1994-eng.pdf|yAPC 10 CA (1994) |